| 000 | 00485nam a2200181Ia 4500 | ||
|---|---|---|---|
| 005 | 20250603144908.0 | ||
| 008 | 250603s9999 xx 000 0 und d | ||
| 020 | _a9783856707 | ||
| 050 | _aGE 145 .N83/ | ||
| 100 | _aNwafor, James C. | ||
| 245 | 0 | _aEnvironmental impact assessment for sustainable development: the Nigerian perspective | |
| 260 | _aEnugu-Nigeria | ||
| 260 | _bEDPCA Publications | ||
| 260 | _c2006 | ||
| 300 | _a658 p | ||
| 650 | _aEnugu-Nigeria | ||
| 942 | _cBK | ||
| 999 |
_c40271 _d40271 |
||